| 000 | 00662nam a22001817a 4500 | ||
|---|---|---|---|
| 008 | 131129b xxu||||| |||| 00| 0 alb d | ||
| 041 | 0 | _aalb | |
| 080 | _a351.75 | ||
| 110 | _aCare international | ||
| 245 | 0 | 0 | _aA ka sjellë ndryshim krijimi i paqes në Kosovë ? : |
| 260 |
_aKosovë : _bProjekti për mësim të përbashkët ; _c2006. |
||
| 300 |
_a165 f. : _c24 cm. |
||
| 500 | _aParathënie : VI-VII | ||
| 650 | 0 |
_aPaqja _zKosova |
|
| 650 | 0 |
_aLufta _zKosova |
|
| 650 | 0 |
_aAdministrata publike _zKosova |
|
| 942 |
_2udc _cBK |
||
| 999 |
_c379 _d379 |
||